The Quest for German Property in East Central Europe after 1945

Titel: The Quest for German Property in East Central Europe after 1945 : the Semantics of Plunder and the Sense of Reconstruction / Kornelia Kończal
Verfasser:
In: Imaginations and configurations of Polish society, (2017), Seite 291-312
alle Artikel anzeigen
Veröffentlicht: 2017
Umfang: Illustrationen
Format: Aufsatz
Sprache: Englisch
Schlagworte:
Kein Bild verfügbar
X
alg: 43997189
001A    $03025:13-12-18 
001B    $01999:13-12-18 $t23:01:35.000 
001D    $03025:13-12-18 
001U    $0utf8 
001X    $00 
002@    $0Aou 
002C    $aText $btxt $2rdacontent 
002D    $aohne Hilfsmittel zu benutzen $bn $2rdamedia 
002E    $aBand $bnc $2rdacarrier 
003@    $0439971896 
007A    $0439971896 $aHEB 
010@    $aeng 
010E    $erda 
011@    $a2017 
021A    $aThe @Quest for German Property in East Central Europe after 1945 $dthe Semantics of Plunder and the Sense of Reconstruction $hKornelia Kończal 
028A    $BVerfasser $4aut $71141299828 $8Kończal, Kornelia$Z1982- [Tp3] $9417725191 
031A    $h291-312 $j2017 
034M    $aIllustrationen 
037A    $aLiteraturverzeichnis, Seiten 307-312 
039B    $aEnthalten in $8--Aau--. Imaginations and configurations of Polish society. - Göttingen : Wallstein-Verlag, [2017]. - XV Seiten, Seite 19-383. - Illustrationen, Karten. - ISBN 3-8353-1904-3 $x201700000000000709 $9381532550 
044K    $RMitteleuropa $RVisegrád-Staaten $ROsteuropa $#Ostmitteleuropa $#Ostmitteleuropa $#Mitteleuropa, Ost $#Central Europe Ostmitteleuropa $#Mittelosteuropa $74075753-5 $8Ostmitteleuropa [Tg1] $9085214485 
044K    $RDeutsche Frau $#Deutsche $#Deutscher $#Deutscher $#Deutscher Mann $74070334-4 $8Deutsche [Tsz] $9085197807 
044K    $RAuswanderung $RVertreibung $#Escapes $#Évasions $#Flucht $#Entweichen Flucht $#Entfliehen $74017598-4 $8Flucht [Ts1] $9085041114 
044K    $RFlucht $RUmsiedlung $#Forced migration $#Transferts de population $#Nettoyage ethnique $#Migración forzosa $#Vertreibung $#Zwangsumsiedlung $#Ethnische Säuberung $#Zwangsmigration $74063299-4 $8Vertreibung [Ts1] $9085177385 
044K    $#Property $#Right of property $#Propriété $#Propiedad $#ownership $#Eigentum $#Eigentum $#Eigentumsrecht $74013793-4 $8Eigentum [Ts1] $9085030554 
044K    $#Pillage $#Pillage $#Saccheggi $74201732-4 $8Plünderung [Ts1] $9086021117 
045F    $a900.943709044 $eDDC23BSB 
045F/01 $a900 
045F/03 $f09044 
045F/03 $g437 
045F/03 $g438 
045F/03 $g4371 
045R    $aGeschichte 1945-1949 

lok: 43997189 78

exp: 43997189 78 1 #EPN
201B/01 $013-12-18 $t11:22:08.000 
201C/01 $013-12-18 
201U/01 $0utf8 
203@/01 $01036634698 
208@/01 $a13-12-18 $be 
209A/01 $a/ $f000 $x00 
209A/01 $ab*p $x01 
220C/01 $apgar 
244Z/01 $#Generalgouvernement Polen $#Polska $#Rzeczpospolita Polska $#Polska Rzeczpospolita Ludowa $#Poland $#Pologne $#République Polonaise $#Generalne Gubernatorstwo w Polsce $#Polish People's Republic $#Polska Rzeczpospolita Polen $#PRL $#RP $#Polen Generalgouvernement $#Polska Generalgouvernement $#Besetzte Polnische Gebiete $#Besetztes Gebiet in Polen $#Okupowane Polskie Obszary $#Obszary Okupowane w Polsce $#Volksrepublik Polen $#Polska Rosyjska $#Republic Polen $#Respublika Pol'ša $#Pol'skaja Narodnaja Respublika $#République de Pologne $#Polen Links der Weichsel $#Polska po Lewej Stronie Wisły $#Lenkija $#Polija $#Gubernija Carstva Pol'skago $#Republik Polen $74046496-9 $8--Tg1--Polen $x01 $9085129801 
244Z/01 $#Böhmische Kronländer $#Länder der Böhmischen Krone $#Sudetenland $#Böhmen $#Mähren $#Mährisch-Schlesien $#Österreichisch-Schlesien $#Tschechische Sozialistische Republik Böhmische Länder $#Tschechei Böhmische Länder $#Země koruny české $74069573-6 $8--Tg1--Böhmische Länder $x02 $9085195553 
244Z/01 $#Ostmitteleuropa $#Ostmitteleuropa $#Mitteleuropa, Ost $#Central Europe Ostmitteleuropa $#Mittelosteuropa $74075753-5 $8--Tg1--Ostmitteleuropa $x03 $9085214485 
247C/01 $82080>Marburg/Lahn, Herder-Institut, Forschungsbibliothek, Bibliographieportal $9336309341
LEADER 00000caa a2200000 c 4500
001 439971896
003 DE-603
005 20181213230135.0
007 tu
008 181213s2017 xx |||| | u00||u|eng c
035 |a (DE-599)HEB439971896 
040 |a DE-603  |b ger  |c DE-603  |d DE-603  |e rda 
041 |a eng 
082 0 4 |8 1\u  |a 900.943709044  |q DE-101  |2 23/BSB 
085 |8 1\u  |b 900 
085 |8 1\u  |z 1  |s 09044 
085 |8 1\u  |z 2  |s 437 
085 |8 1\u  |z 2  |s 438 
085 |8 1\u  |z 2  |s 4371 
100 1 |a Kończal, Kornelia  |d 1982-  |e Verfasser  |4 aut  |0 (DE-603)417725191  |0 (DE-588)1141299828  |2 gnd 
245 0 0 |a ˜Theœ Quest for German Property in East Central Europe after 1945  |b the Semantics of Plunder and the Sense of Reconstruction  |c Kornelia Kończal 
264 0 |c 2017 
300 |b Illustrationen 
336 |a Text  |b txt  |2 rdacontent 
337 |a ohne Hilfsmittel zu benutzen  |b n  |2 rdamedia 
338 |a Band  |b nc  |2 rdacarrier 
500 |a Literaturverzeichnis, Seiten 307-312 
648 7 |a Geschichte 1945-1949  |2 gnd 
650 7 |a Deutsche  |0 (DE-588)4070334-4  |0 (DE-603)085197807  |2 gnd 
650 7 |a Flucht  |0 (DE-588)4017598-4  |0 (DE-603)085041114  |2 gnd 
650 7 |a Vertreibung  |0 (DE-588)4063299-4  |0 (DE-603)085177385  |2 gnd 
650 7 |a Eigentum  |0 (DE-588)4013793-4  |0 (DE-603)085030554  |2 gnd 
650 7 |a Plünderung  |0 (DE-588)4201732-4  |0 (DE-603)086021117  |2 gnd 
651 7 |a Ostmitteleuropa  |0 (DE-588)4075753-5  |0 (DE-603)085214485  |2 gnd 
773 0 8 |i Enthalten in  |t Imaginations and configurations of Polish society  |d Göttingen : Wallstein-Verlag, [2017]  |h XV Seiten, Seite 19-383, Illustrationen, Karten  |z 3835319043  |z 9783835319042  |g (2017), Seite 291-312  |w (DE-603)381532550 
924 0 |9 2080  |a (DE-603)1036634698  |b DE-2080  |c HES  |d d  |g /